| Tag |
First Indicator |
Second Indicator |
Subfields |
| LEADER |
00000cam a2200000 4500 |
| 001 |
in00000022532 |
| 005 |
20151007064033.0 |
| 008 |
780306s1943 mx 00001 spa |
| 010 |
|
|
|a 44005250
|
| 035 |
|
|
|a (OCoLC)03688499
|
| 035 |
|
|
|a AAD8886AM
|
| 040 |
|
|
|a DLC
|c IQU
|d TXA
|d UtOrBLW
|
| 049 |
|
|
|a TXAM
|c [324868]
|
| 050 |
0 |
0 |
|a PQ7297.L685
|b A7
|
| 082 |
0 |
|
|a 863.6
|
| 092 |
|
|
|a 863
|b L864ac
|
| 100 |
1 |
|
|a López y Fuentes, Gregorio,
|d 1897-1966.
|
| 245 |
1 |
0 |
|a Acomodaticio :
|b novela de un politico de convicciones.
|
| 264 |
|
1 |
|a Mexico :
|b Ediciones Botas,
|c 1943.
|
| 300 |
|
|
|a 301 pages, 1 . ;
|c 20 cm.
|
| 336 |
|
|
|a text
|b txt
|2 rdacontent
|
| 337 |
|
|
|a unmediated
|b n
|2 rdamedia
|
| 338 |
|
|
|a volume
|b nc
|2 rdacarrier
|
| 999 |
|
|
|a MARS
|
| 999 |
f |
f |
|s 57e73418-a5a5-32aa-bd61-60a98e224402
|i 8cb200a7-a493-325c-9be3-fb07342eff9f
|t 0
|
| 952 |
f |
f |
|p ric
|a Texas A&M University
|b Rellis Campus
|c Joint Library Facility
|d Remote Storage
|t 0
|e PQ7297.L685 A7
|h Library of Congress classification
|i unmediated -- volume
|m A14801384705
|
| 998 |
f |
f |
|a PQ7297.L685 A7
|t 0
|l Remote Storage
|